000 00778cam a22002411 4500
001 agr21000143
003 DLC
005 20260227110941.0
008 760330s1920 fr 000 0dfre c
010 _aagr21000143
035 _a(OCoLC)2080658
040 _aLibrary, U. S. Dept. of Agriculture.
_cAzU
_dDLC
042 _apremarc
050 0 0 _aQL365
_b.S7
100 1 _aSpallanzani, Lazzaro,
_d1729-1799.
245 1 0 _aObservations et experiences faites sur les animalcules des infusions.
_cPar Lazare Spallanzani.
260 _aParis,
_bGauthier-Villars et cie,
_c1920.
300 _a2 v.
_c18 cm.
440 4 _aLes maitres de la pensée scientifique
500 _a"Notice biographique": p. [vii]-viii.
504 _aBibliographical foot-notes.
650 0 _aAnimalcules.
999 _c8707
_d8707